La investigación experimental en educación

Na minha lista:
Detalhes bibliográficos
Autor principal: Landsheere, Gilbert de (Autor)
Formato: Livro
Idioma:espanhol
Publicado em: París UNESCO 1982
coleção:Colección ciencias de la educación
Assuntos:
Tags: Adicionar Tag
Sem tags, seja o primeiro a adicionar uma tag!

MARC

LEADER 00000nam a2200000 a 4500
001 UCY8083
003 CL-VaPUC
008 950623e19820000FR |||||||||||||||||spa|d
082 0 4 |a 370.78  |b LAN  |2 21 
100 |a Landsheere, Gilbert de  |e author  |9 423900 
245 1 3 |a La investigación experimental en educación 
300 |a 116 p 
942 |c BK 
945 |d 19950623 00:00:00  |a cmena 
260 |a París  |b UNESCO  |c 1982 
650 7 |a EDUCACION Y DESARROLLO  |2 CL-VaPUC  |9 324696 
650 0 |a Investigación educacional   |9 261192 
650 0 |a Evaluación de la educación   |9 237505 
650 0 |a Tecnología educacional  |9 307265 
650 0 |a Métodos de investigación   |9 262618 
650 0 |a Ciencias sociales  |v Investigación  |9 307767 
583 |a last modification  |c 20121104 09:40:22  |k Rodrigo Vera 
490 0 |a Colección ciencias de la educación 
999 |c 235363  |d 235361 
952 |0 0  |1 0  |4 0  |6 370_780000000000000_LAN_1982  |7 0  |8 A  |9 242734  |a BIBEDU  |b BIBEDU  |c ES_NOD  |d 2019-11-18  |i 1522213  |o 370.78 LAN 1982  |p 1522213  |r 2023-08-09  |w 2019-11-18  |y BK  |k EDU